|
|
|
|
| LEADER |
00767cam a2200205 7i4500 |
| 001 |
0000032486 |
| 005 |
20150702090000.0 |
| 020 |
0 |
0 |
|a 9551234001802
|
| 090 |
0 |
0 |
|a M 338.7025
|b FED
|
| 110 |
2 |
0 |
|a Federation of Malaysian Manufacturers (FMM)
|
| 245 |
1 |
0 |
|a FMM directory 2015 :
|b Malaysian industries.
|
| 250 |
0 |
0 |
|a 46th ed..
|
| 260 |
0 |
0 |
|a Kuala Lumpur:
|b FMM,
|c 2015.
|
| 300 |
# |
# |
|a [v.p].
|
| 650 |
0 |
0 |
|a Business --
|x Directories --
|z Malaysia
|
| 650 |
0 |
0 |
|a Manufacturers --
|x Directories --
|z Malaysia
|
| 650 |
0 |
0 |
|a Service companies --
|x Directories --
|z Malaysia
|
| 650 |
0 |
0 |
|a Trade associations --
|x Directories --
|z Malaysia
|
| 999 |
|
|
|a 0000036641
|b Directories
|c Malaysia
|e Business Information Centre
|
| 999 |
|
|
|a 0000036370
|b Directories
|c Malaysia
|e Business Information Centre
|